Nigerian Journal of Paediatrics (Record no. 37375)

MARC details
000 -LEADER
fixed length control field 00397nam a2200145Ia 4500
022 ## - INTERNATIONAL STANDARD SERIAL NUMBER
ISSN 0302- 4660
050 ## - CALL MARK
Classification number RJ45. N54
245 ## - TITLE STATEMENT
Title Nigerian Journal of Paediatrics
250 ## - EDITION / VOLUME STATEMENT
Edition / Volume statement Vol. 51, No. 2
260 ## - PUBLICATION, DISTRIBUTION, ETC. (IMPRINT)
Place of publication Nigeria
Name of publisher Paediatric Association of Nigeria (PAN)
Year of publication 2024
300 ## - PHYSICAL DESCRIPTION
Number of Pages iii. 227 p. : ill. ; 28 cm.
650 ## - SUBJECT ADDED ENTRY--TOPICAL TERM
Topical Term Paediatrics-- Periodicals
942 ## - ADDED ENTRY ELEMENTS (KOHA)
Koha item type Serials
Source of classification Library of Congress Classification

No items available.